Universal Orlando Rides - Sudden Death - Statistics

General Stats
  • This quiz has been taken 372 times
  • The average score is 4 of 15
Answers on the Grid
Answers color-coded by a green-red scale on the quiz's grid according to % correct below.
Velocicoaster
TRON light cycle run
Hagrids Magical Creatures Motorbike Adventure
Harry Potter: and the Battle of Hogwarts
Storm Force Acceletron
Fast and Furious Supercharged
The Simpsons ride
Spunge-Bob's Crazy Coaster
Dueling Dragons
Minion Mayhem
Thor's Lightning Racer
Jurassic Park: Off-Road Adventure
Flight of the Hippogriff
Hollywood Dream the Ride
Dragon Racers Rally
Woody Wood Peckers Nuthouse Coaster
The Incredible Hulk Coaster
One Fish, Two Fish, Red Fish, Blue Fish.
Avengers Tower of Terror
Fast and Furious Hollywood Drift
Trolls' Trollercoaster
Splash Mountain
Harry Potter: And the Forbidden Journey
Godzillas' Revenge
Dive Bomber Run
Stardust Racers
Buzz Lightyear Space-Ranger Spin
Kang and Kodos' Twirl 'n' Hurl
Hollywood Rip Ride Rockit
Skull Island: Reign of Kong
 
Answer Stats
Answer % Correct
Velocicoaster
89%
Hagrids Magical Creatures Motorbike Adventure
72%
Fast and Furious Supercharged
46%
The Simpsons ride
41%
Minion Mayhem
27%
The Incredible Hulk Coaster
22%
Flight of the Hippogriff
20%
Storm Force Acceletron
20%
Stardust Racers
17%
One Fish, Two Fish, Red Fish, Blue Fish.
16%
Harry Potter: And the Forbidden Journey
15%
Skull Island: Reign of Kong
14%
Trolls' Trollercoaster
11%
Kang and Kodos' Twirl 'n' Hurl
9%
Dragon Racers Rally
8%
No matching quizzes found
Score Distribution
Percent of People with Each Score
Percentile by Number Answered
Your Score History
You have not taken this quiz